000 00439nam a2200157 i 4500
001 86465
003 ES-MaACL
005 20230906175443.0
007 t|
008 041213s1961 fr ||||1| fre d
100 1 _aKastler, Daniel.
_967616
245 1 0 _aIntroduction a l'Electrodynamique Quantique /
_cDaniel Kastler.
260 _aParĂ­s :
_bDunod,
_c1961.
300 _aXXXIII, 334 p. ;
_c25 cm.
852 _aES-MaACL
_jC-32246
_bR.62652
999 _c86465
_d86465